<?xml version="1.0" encoding="UTF-8"?>
<record
    xmlns:xsi="http://www.w3.org/2001/XMLSchema-instance"
    xsi:schemaLocation="http://www.loc.gov/MARC21/slim http://www.loc.gov/standards/marcxml/schema/MARC21slim.xsd"
    xmlns="http://www.loc.gov/MARC21/slim">

  <leader>01819nam a22001817a 4500</leader>
  <controlfield tag="008">140820b        xxu||||| |||| 00| 0 eng d</controlfield>
  <datafield tag="020" ind1=" " ind2=" ">
    <subfield code="a">9789988647964</subfield>
  </datafield>
  <datafield tag="050" ind1=" " ind2=" ">
    <subfield code="a">CB197.I34</subfield>
  </datafield>
  <datafield tag="100" ind1=" " ind2=" ">
    <subfield code="a">Lauer, Helen</subfield>
  </datafield>
  <datafield tag="245" ind1=" " ind2=" ">
    <subfield code="a">Identity meets nationality: voices from the humanities. /</subfield>
    <subfield code="c">Helen Lauer</subfield>
  </datafield>
  <datafield tag="260" ind1=" " ind2=" ">
    <subfield code="a">Legon-Accra:</subfield>
    <subfield code="b">Sub-Saharan,</subfield>
    <subfield code="c">2011.</subfield>
  </datafield>
  <datafield tag="300" ind1=" " ind2=" ">
    <subfield code="a">xiv, 297p.:</subfield>
    <subfield code="c">23cm.</subfield>
  </datafield>
  <datafield tag="500" ind1=" " ind2=" ">
    <subfield code="a">Includes references.</subfield>
  </datafield>
  <datafield tag="505" ind1=" " ind2=" ">
    <subfield code="a">Contents: The Humanities and the idea of national identity -- Empiricalism: the empirical character of an African philosophy -- Metaphors of death in Akan -- Political nicknaming in Ghana: social representations of democracy achieved through conceptual blending -- "Do not rob us of ourselves": language and nationalism in colonial Ghana -- Language use in education i minority language areas: the case of Logba -- The Dilemma of identity for African American English: a case of African language influence? -- Constructing a national language as a vehicle for national identity -- Material culture and ethnic identity: the case of the Krobo, Ghana -- Negotiating pre-colonial history and future democracy: Kwasi Wiredu and his critics -- Identity crises: constructions of national identity in the poetry of Equatorial Guinea -- "No sweetness here" for our sister", "La Noire"? Gender empowerment in the short stories of Sembene Ousmane and Ama Ata Aidoo -- Constructing national consciousness in Russian literature: some lessons for the African milieu -- Africa's renaissance and the challenges of culture: the failures of NEPAD -- The Music of Ephraim Amu and Isaac Daniel Riverson: 'the known' and 'the not known' Ghanaian composers -- The Performing arts: identity and the new social paradigm. </subfield>
  </datafield>
  <datafield tag="700" ind1=" " ind2=" ">
    <subfield code="a">Amfo, Nana Aba Appiah.</subfield>
  </datafield>
  <datafield tag="700" ind1=" " ind2=" ">
    <subfield code="a">Anderson, Jemima Asabea.</subfield>
  </datafield>
  <datafield tag="942" ind1=" " ind2=" ">
    <subfield code="2">lcc</subfield>
    <subfield code="c">BK</subfield>
  </datafield>
  <datafield tag="999" ind1=" " ind2=" ">
    <subfield code="c">3600</subfield>
    <subfield code="d">11100</subfield>
  </datafield>
  <datafield tag="952" ind1=" " ind2=" ">
    <subfield code="0">0</subfield>
    <subfield code="1">0</subfield>
    <subfield code="2">lcc</subfield>
    <subfield code="4">0</subfield>
    <subfield code="7">0</subfield>
    <subfield code="a">WIUC-1</subfield>
    <subfield code="b">WIUC-1</subfield>
    <subfield code="c">LL</subfield>
    <subfield code="d">2014-08-20</subfield>
    <subfield code="l">0</subfield>
    <subfield code="o">CB197.I34</subfield>
    <subfield code="p">432/13</subfield>
    <subfield code="r">2014-08-20 00:00:00</subfield>
    <subfield code="t">1</subfield>
    <subfield code="w">2014-08-20</subfield>
    <subfield code="y">BK</subfield>
  </datafield>
</record>
